|
|
|
|
| LEADER |
00000cam a22000004a 4500 |
| 001 |
musev2_35519 |
| 003 |
MdBmJHUP |
| 005 |
20230905043733.0 |
| 006 |
m o d |
| 007 |
cr||||||||nn|n |
| 008 |
151116s2014 xx o 00 0 eng d |
| 020 |
|
|
|a 9781609174194
|
| 020 |
|
|
|z 9781611861341
|
| 035 |
|
|
|a (OCoLC)899261577
|
| 040 |
|
|
|a MdBmJHUP
|c MdBmJHUP
|
| 100 |
1 |
|
|a Cohen, Joshua G.
|
| 245 |
1 |
2 |
|a A Field Guide to the Natural Communities of Michigan
|
| 264 |
|
1 |
|a [Place of publication not identified] :
|b Vearsa,
|c 2014.
|
| 264 |
|
3 |
|a Baltimore, Md. :
|b Project MUSE,
|c 2015
|
| 264 |
|
4 |
|c ©2014.
|
| 300 |
|
|
|a 1 online resource (404 pages).
|
| 336 |
|
|
|a text
|b txt
|2 rdacontent
|
| 337 |
|
|
|a computer
|b c
|2 rdamedia
|
| 338 |
|
|
|a online resource
|b cr
|2 rdacarrier
|
| 588 |
|
|
|a Description based on print version record.
|
| 650 |
|
7 |
|a Biotic communities.
|2 fast
|0 (OCoLC)fst00832828
|
| 650 |
|
7 |
|a TRAVEL / Special Interest / Ecotourism
|2 bisacsh
|
| 650 |
|
7 |
|a NATURE / Reference
|2 bisacsh
|
| 650 |
|
7 |
|a NATURE / Essays
|2 bisacsh
|
| 650 |
|
0 |
|a Biotic communities
|z Michigan.
|
| 651 |
|
7 |
|a Michigan.
|2 fast
|0 (OCoLC)fst01208387
|
| 655 |
|
7 |
|a Electronic books.
|2 local
|
| 700 |
1 |
|
|a Slaughter, Bradford S.
|
| 700 |
1 |
|
|a Kost, Michael A.
|
| 710 |
2 |
|
|a Project Muse.
|e distributor
|
| 830 |
|
0 |
|a Book collections on Project MUSE.
|
| 856 |
4 |
0 |
|z Texto completo
|u https://projectmuse.uam.elogim.com/book/35519/
|
| 945 |
|
|
|a Project MUSE - Custom Collection
|
| 945 |
|
|
|a Project MUSE - 2015 Ecology and Evolution
|
| 945 |
|
|
|a Project MUSE - 2015 Complete
|